|
|
|
|
| LEADER |
00778nam a22002291a 4500 |
| 001 |
000698801 |
| 003 |
CZ BrMZK |
| 005 |
20060309112514.0 |
| 008 |
031203s1972 xr f cze d |
| 015 |
|
|
|a cnb000433488
|
| 035 |
|
|
|a (OCoLC)85233417
|
| 040 |
|
|
|a BOA001
|b cze
|c BOA001
|
| 100 |
1 |
|
|a Heger, Jan
|7 jk01040480
|4 aut
|
| 245 |
1 |
0 |
|a Jak počítáme se zvířátky /
|c Jan Heger ; ilustroval Jaroslav Faigl
|
| 250 |
|
|
|a 1. vyd.
|
| 260 |
|
|
|a Praha :
|b Lidové nakladatelství,
|c 1972
|
| 300 |
|
|
|a 1 nestránkovaný sv.
|
| 700 |
1 |
|
|a Faigl, Jaroslav,
|d 1949-
|7 xx0008608
|4 ill
|
| 910 |
|
|
|a BOA001
|b PK-N-0014.286
|
| 964 |
|
|
|a Počty počáteční - verše pro děti
|
| 990 |
|
|
|a BK
|
| 996 |
7 |
|
|b 3119688983
|c PK-N-0014.286
|l MZK
|r Sklad / do 1 hodiny
|n 1
|w 000698801
|u 000010
|a 1
|e BOA001
|j MZK50
|s A
|